000
00335nam a2200133 a 4500
005
20140414132102.0
008
100722s19uu xx 00 eng d
050
_a
ER
_b
P14 2006
100
_a
Page, Nick
245
_a
Jack and the beanstalk.
260
_a
Herts :
_b
Make Believe Ideas ltd,
_c
2006.
300
_a
31 p.
999
_c
114489
_d
114489